000 00346nam a2200145Ia 4500
100 _aFisher/R.C; Ziebur /A.D/ Finney/ R.L.
942 _cBK
654 _acalculus
245 _aCalculus & analytic Geometry
260 _bPrentice Hall of India
_aNew Jersey
_c1961
082 _a515.15
_bFIS
300 _a766
546 _aENGLISH
999 _c22498
_d22498